000 02040cam a22004574i 4500
003 PE-LiUPU
005 20250731173204.0
008 150625s1992 mx r 000 0 spa d
020 _a9681621611
020 _a9789681621612
035 _a(Sirsi) a30940
040 _aPE-LiUPU
_bspa
_cPE-LiUPU
_erda
049 _aPRUA
082 0 4 _a201
_bH35
_221
100 1 _aHegel, G. W. F.,
_eautor.
245 1 3 _aEl Concepto de religión /
_cG. W. F. Hegel.
264 1 _aMéxico :
_bFondo de cultura económica,
_c1992.
300 _a355 páginas ;
_c21 centímetros
336 _atext
_2rdacontent
337 _aunmediated
_2rdamedia
338 _avolume
_2rdacarrier
505 0 _aEn torno a la filosofía de la religion de Hegel -- Introduccion:concepto de la filosofia de la religión: Finalidad de la filosofia de la religión, Necesidad de la filosofia de la religion, Filosofía, filosofía de la región y religión, La filosofia de la religión y la teologia contemporánea, Estructura de la filosofia de la religión -- La base de la religión: La cosideración empírica, La dialéctica de lo finito -- El saber de la religión: La prueba de la religión, Los momentos ideales de la religión -- La realidad de la religión: El culto, Religión y cultura.
526 _aSEG42
526 _aSEG41
526 _aSEG40
526 _aSEG39
526 _aP94
526 _aP87
526 _aP86
526 _aP85
526 _aP77
526 _aP76
526 _aP35
650 0 4 _aFilosofía de la religión.
910 _adbm
_bncf
_cncf
_d20190530
942 _2ddc
_cBOOK
949 _a201 H35
_wDEWEY
_c1
_i38339
_lCCODEBUL1
_mBUL
_p40.00
_r0
_sY
_tBOOK
_u2015-06-25
_xBIBLIOTECA
_zUNKNOWN
_0COMPRA
_o.STAFF. Colección Teología
596 _a1
999 _a201 H35
_wDEWEY
_c38439
_i38339
_d38439
_e2016-9-4
_f2021-11-11
_g5
_lCCODEBUL1
_mBUL
_n2
_p40.00
_r0
_sY
_tBOOK
_u2015-6-25
_xTEOLOGIA
_PP35
_0COMPRA
_o.STAFF. Colección Teología
980 _81
_gALBERTO SANCHEZ Responsable de Automatización